[Event "Tourn. n8602"]
[Site "www.chess-mail.com"]
[Date "2016.04.12"]
[Round "1"]
[White "Seger"]
[Black "Conde7"]
[WhiteElo "2760"]
[BlackElo "2840"]
[Result "1/2-1/2"]
[Round "1"]
1.e4 c5
2.Ng1f3 d6
3.d4 cxd4
4.Nf3xd4 Ng8f6
5.Nb1c3 a6
6.Bc1e3 e5
7.Nd4b3 Bc8e6
8.f3 Bf8e7
9.Qd1d2 O-O
10.O-O-O b5
11.g4 Nb8d7
12.g5 b4
13.Nc3e2 Nf6e8
14.f4 a5
15.f5 Be6xb3
16.cxb3 a4
17.bxa4 Ra8xa4
18.Kb1 Ra4xa2
19.Ne2c1 Ra2a8
20.Nc1b3 Qd8c7
21.Rh1g1 Qc7c6
22.f6 Be7d8
23.fxg7 Kxg7
24.Qd2d5 Qc6xd5
25.Rd1xd5 Bd8b6
26.Be3xb6 Nd7xb6
27.Rd5b5 Ra8b8
28.Rb5xb4 Ne8c7
29.Nb3a5 Nb6d7
30.Rb4b7 Rb8xb7
31.Na5xb7 Nd7c5
32.Nb7xd6 Rf8d8
33.Nd6f5 Kf8
34.Kc2 Nc7e6
35.h4 Ne6d4
36.Nf5xd4 Rd8xd4
37.Bf1g2 Rd4c4
38.Kd2 Nc5xe4
39.Bg2xe4 Rc4xe4
40.Rg1e1 Re4xh4
{ draw }
1/2-1/2

[Event "Tourn. n8664"]
[Site "www.chess-mail.com"]
[Date "2016.04.12"]
[Round "1"]
[White "Ditto"]
[Black "Paul30"]
[WhiteElo "1620"]
[BlackElo "1820"]
[Result "0-1"]
[Round "1"]
1.e4 e6
2.Ng1f3 d5
3.e5 c5
4.d4 Nb8c6
5.c4 cxd4
6.cxd5 Qd8xd5
7.Bf1d3 Nc6xe5
8.O-O Bc8d7
9.Nf3xe5 Qd5xe5
10.Rf1e1 Qe5c7
11.Qd1f3 Bd7c6
12.Bc1f4 Bf8d6
13.Bf4xd6 Qc7xd6
14.Nb1d2 Bc6xf3
15.Nd2xf3 Ng8f6
16.Ra1c1 O-O
17.b3 Ra8c8
18.Bd3c4 a6
19.Rc1d1 b5
20.Bc4d3 Qd6a3
21.Rd1d2 Rc8c1
22.h3 Rc1xe1
23.Nf3xe1 Qa3c1
24.Rd2e2 Nf6d5
25.Kf1 Nd5f4
26.Re2c2 Qc1d1
27.b4 Nf4xd3
{ resign }
0-1

[Event "Tourn. n8662"]
[Site "www.chess-mail.com"]
[Date "2016.04.12"]
[Round "1"]
[White "Daquata"]
[Black "Passaroa25"]
[WhiteElo "1630"]
[BlackElo "1590"]
[Result "1-0"]
[Round "1"]
1.e4 c6
2.d4 d6
3.Ng1f3 f6
4.Nb1c3 Bc8e6
5.d5 Be6f7
6.Bc1f4 e5
7.Bf4g3 Ng8e7
8.Bf1c4 Ne7g6
9.dxc6 bxc6
10.Bc4xf7 Kxf7
11.O-O Bf8e7
12.Qd1d2 Rh8f8
13.Ra1d1 Kg8
14.Rf1e1 Nb8a6
15.a3 Na6c5
16.Qd2e3 Ng6h8
17.Nf3d2 Nh8f7
18.Nd2b3 Qd8c7
19.Nb3xc5 dxc5
20.Nc3a4 Be7d6
21.Na4xc5 Rf8d8
22.Nc5e6 Qc7b6
23.Qe3xb6 axb6
24.Ne6xd8 Ra8xd8
25.f3 Bd6c5
26.Bg3f2 g5
27.Rd1xd8 Nf7xd8
28.Bf2xc5 bxc5
29.Re1d1 Nd8e6
30.Rd1d6 Ne6d4
31.c3 Nd4e2
32.Kf2 Ne2c1
33.Rd6xf6 Nc1d3
34.Ke3 Nd3f4
35.g3 Kg7
36.Rf6xc6 Nf4g6
37.Rc6xc5 Kh6
38.a4 Kg7
39.a5 Kf6
40.Rc5c6 Kf7
41.Rc6xg6 Kxg6
42.a6 h5
43.a7 h4
44.a8Q hxg3
45.hxg3 Kf6
46.Qa8c6 { resign }
1-0

[Event "Tourn. n8708"]
[Site "www.chess-mail.com"]
[Date "2016.04.12"]
[Round "1"]
[White "Greghghs"]
[Black "Milkyway"]
[WhiteElo "2350"]
[BlackElo "2269"]
[Result "1-0"]
[Round "1"]
1.e4 e5
2.Ng1f3 Nb8c6
3.Bf1c4 Bf8e7
4.d4 d6
5.dxe5 Nc6xe5
6.Nf3xe5 dxe5
7.Qd1h5 { resign }
1-0

[Event "Tourn. n8611"]
[Site "www.chess-mail.com"]
[Date "2016.04.12"]
[Round "1"]
[White "Tartan"]
[Black "Genius7"]
[WhiteElo "2400"]
[BlackElo "2200"]
[Result "1-0"]
[Round "1"]
1.e4 c5
2.Ng1f3 Nb8c6
3.d4 cxd4
4.Nf3xd4 e5
5.Nd4b5 a6
6.Nb5d6 Bf8xd6
7.Qd1xd6 Qd8e7
8.Qd6d1 Ng8f6
9.Nb1c3 h6
10.Bf1c4 b5
11.Nc3d5 Nf6xd5
12.Bc4xd5 Bc8b7
13.O-O Ra8c8
14.a4 O-O
15.axb5 axb5
16.Qd1g4 Kh8
17.Rf1d1 Rc8a8
18.Ra1xa8 Rf8xa8
19.Bc1e3 Ra8d8
20.Qg4h5 Kg8
21.Qh5g6 Kf8
22.Qg6h7 Qe7f6
23.f4 exf4
24.e5 Qf6xe5
25.Be3f2 d6
26.Rd1e1 { resign }
1-0

[Event "Tourn. n8673"]
[Site "www.chess-mail.com"]
[Date "2016.04.12"]
[Round "1"]
[White "Awfen"]
[Black "Bira47"]
[WhiteElo "2090"]
[BlackElo "1950"]
[Result "0-1"]
[Round "1"]
1.e4 c5
2.Bf1c4 e6
3.Ng1f3 a6
4.a3 b5
5.Bc4a2 Bc8b7
6.d3 h6
7.O-O Ng8f6
8.Nb1d2 Bf8e7
9.Qd1e2 O-O
10.Rf1e1 d6
11.e5 Nf6d5
12.exd6 Be7xd6
13.Nd2e4 Nd5f4
14.Bc1xf4 Bd6xf4
15.g3 Bf4c7
16.Ne4xc5 Bb7c6
17.Nf3e5 Qd8d4
18.Ne5xc6 Nb8xc6
19.Nc5xe6 fxe6
20.Qe2xe6 Kh8
21.Qe6xc6 Bc7b6
22.Re1e3 Ra8c8
23.Qc6g6 Rc8xc2
24.Ra1f1 Rc2xf2
25.Rf1e1 Rf2f1
26.Kg2 Rf1xe1
27.Re3xe1 Qd4f2
28.Kh3 Qf2xe1
29.Qg6xb6 Qe1f1
30.Kg4 Qf1f5
31.Kh4 g5
32.Kh5 g4
33.Kh4 Qf5g5

0-1

[Event "Match"]
[Site "www.echecsemail.com"]
[Date "2016.04.12"]
[Round "1"]
[White "Ztornad"]
[Black "Pellix84"]
[WhiteElo "1770"]
[BlackElo "1990"]
[Result "0-1"]
[Round "1"]
1.Nb1c3 c6
2.g3 d5
3.e3 Ng8f6
4.Ng1f3 Bc8g4
5.Bf1e2 Nb8d7
6.Nf3d4 Bg4xe2
7.Qd1xe2 e5
8.Nd4f5 g6
9.Nf5h4 Bf8g7
10.O-O O-O
11.e4 Qd8b6
12.d3 Ra8d8
13.Nc3a4 Qb6b5
14.Na4c3 Qb5a6
15.d4 exd4
16.Qe2xa6 bxa6
17.exd5 dxc3
18.b3 cxd5
19.a4 d4
20.Bc1a3 Rf8e8
21.a5 Nf6e4
22.Rf1e1 Ne4c5
23.Re1c1 d3
24.Ba3xc5 Nd7xc5
25.Ra1b1 d2
26.Rc1d1 Nc5e6
27.Nh4f3 Ne6d4
28.Kg2 Nd4xc2
29.h4 Nc2b4
30.Rd1g1 c2
31.Rb1f1 d1Q
32.Rf1xd1 Rd8xd1
33.Rg1xd1 cxd1Q
 { time }
0-1

[Event "Match"]
[Site "www.echecsemail.com"]
[Date "2016.04.12"]
[Round "1"]
[White "Mars91"]
[Black "Chtoubidou"]
[WhiteElo "1789"]
[BlackElo "1980"]
[Result "0-1"]
[Round "1"]
1.Ng1f3 d6
2.g3 e5
3.e4 f5
4.d3 Ng8f6
5.Nb1c3 Nb8c6
6.Bf1g2 Bf8e7
7.O-O O-O
8.Rf1e1 fxe4
9.dxe4 Bc8g4
10.h3 Bg4h5
11.Bc1e3 Qd8d7
12.a3 Nf6e8
13.Kh2 Nc6d4
14.Be3xd4 exd4
15.Qd1xd4 Bh5xf3
16.Bg2xf3 Rf8xf3
{ resign }
0-1

[Event "Match"]
[Site "www.echecsemail.com"]
[Date "2016.04.12"]
[Round "1"]
[White "Capitaine"]
[Black "Numanoid"]
[WhiteElo "2370"]
[BlackElo "2450"]
[Result "0-1"]
[Round "1"]
1.e4 d6
2.d4 Ng8f6
3.Nb1c3 e5
4.dxe5 dxe5
5.Qd1xd8 Kxd8
6.Bf1c4 Ke8
7.Ng1f3 Bf8d6
8.Bc1e3 a6
9.O-O b5
10.Bc4d3 Bc8b7
11.Be3g5 Nb8d7
12.Rf1e1 h6
13.Bg5h4 g5
14.Bh4g3 Nf6h5
15.Ra1d1 Nh5xg3
16.hxg3 Nd7b6
17.Nc3d5 Nb6xd5
18.exd5 f6
19.Bd3f5 Kf7
20.Nf3h2 h5
21.Nh2f1 Bb7c8
22.Bf5xc8 Ra8xc8
23.Nf1e3 Bd6c5
24.c3 a5
25.b3 Kg6
26.Kf1 Rc8e8
27.Ne3c2 h4
28.gxh4 Rh8xh4
29.g3 Rh4h2
30.Nc2e3 f5
31.Rd1d2 Bc5xe3
32.Re1xe3 f4
33.gxf4 gxf4
34.Re3d3 Re8h8
35.Ke1 e4
36.Rd3d4 Rh2h1
37.Ke2 f3
38.Ke3 Rh1e1
39.Kf4 Rh8h4
40.Ke5 e3
{ resign }
0-1

[Event "Match"]
[Site "www.echecsemail.com"]
[Date "2016.04.12"]
[Round "1"]
[White "Bojan"]
[Black "Mitja"]
[WhiteElo "1960"]
[BlackElo "1890"]
[Result "0-1"]
[Round "1"]
1.c4 d5
2.c5 c6
3.d4 e6
4.Qd1d3 h6
5.Bc1d2 Ng8e7
6.e3 Ne7g6
7.Ng1f3 b6
8.b4 b5
9.a4 Bc8a6
10.Qd3c2 bxa4
11.Bf1xa6 Nb8xa6
12.Ra1xa4 Na6c7
13.O-O Nc7b5
14.Nb1c3 Nb5xc3
15.Bd2xc3 Ng6e7
16.Rf1a1 Ne7c8
17.Nf3e5 Qd8c7
18.Qc2e2 Bf8e7
19.f4 Be7f6
20.Qe2a6 Bf6xe5
21.dxe5 O-O
22.Qa6d3 Rf8e8
23.Ra1f1 Nc8e7
24.g4 g6
25.Kg2 Kg7
26.h4 Re8g8
27.b5 cxb5
28.Qd3xb5 Rg8b8
29.Qb5a5 Qc7b7
30.Ra4b4 Qb7d7
31.Rf1b1 Rb8xb4
32.Rb1xb4 Ne7c6
33.Qa5a6 Nc6xb4
34.Bc3xb4 Ra8b8
35.Bb4c3 Qd7b7
36.Qa6a4 Qb7b5
37.Qa4d4 Qb5e2
38.Kg3 Rb8b1
{ resign }
0-1

[Event "Match"]
[Site "www.echecsemail.com"]
[Date "2016.04.12"]
[Round "1"]
[White "Llord"]
[Black "Genius7"]
[WhiteElo "1800"]
[BlackElo "1780"]
[Result "0-1"]
[Round "1"]
1.d4 f5
2.Bc1f4 Ng8f6
3.Nb1c3 d6
4.Ng1f3 g6
5.g3 Bf8g7
6.Bf1g2 c6
7.O-O O-O
8.Nf3g5 h6
9.Ng5h3 Qd8c7
10.Kh1 e5
11.dxe5 dxe5
12.Bf4e3 Bc8e6
13.Be3c5 Rf8d8
14.Qd1c1 Nb8d7
15.Bc5e3 Nd7b6
16.f4 e4
17.a4 Nb6c4
18.b3 Nc4xe3
19.Rf1f2 Ne3xg2
20.Kxg2 Nf6g4
21.Rf2f1 Bg7xc3
22.Ra1a2 Bc3d2
23.Qc1b2 Ng4e3
24.Kf2 Qc7b6
25.Qb2a1 Ne3xc2
{ resign }
0-1

[Event "Match"]
[Site "www.echecsemail.com"]
[Date "2016.04.12"]
[Round "1"]
[White "Osvalazo"]
[Black "Pellix84"]
[WhiteElo "1700"]
[BlackElo "2010"]
[Result "1-0"]
[Round "1"]
1.e4 c6
2.Bf1c4 d5
3.exd5 cxd5
4.Bc4b5 Nb8d7
5.d4 Ng8f6
6.Bc1g5 e6
7.Ng1f3 a6
8.Bb5xd7 Bc8xd7
9.O-O Bf8e7
10.Rf1e1 O-O
11.Nb1c3 Ra8c8
12.a3 b5
13.b4 Rc8xc3
14.Bg5d2 Rc3c4
15.Bd2f4 Qd8b6
16.Bf4e5 Nf6e4
17.Nf3d2 Ne4xd2
18.Qd1xd2 f6
19.Be5f4 Rc4xd4
20.Qd2e3 e5
21.c3 Rd4c4
22.Qe3xb6 Rc4xf4
23.Ra1d1 Rf8c8
24.g3 Rf4f3
25.Qb6b7 { resign }
1-0

[Event "Match"]
[Site "www.echecsemail.com"]
[Date "2016.04.12"]
[Round "1"]
[White "Elogic"]
[Black "Umutkrc"]
[WhiteElo "1870"]
[BlackElo "1910"]
[Result "1-0"]
[Round "1"]
1.e4 e6
2.b3 Ng8f6
3.f3 a6
4.Bc1b2 d5
5.e5 Nf6d7
6.d4 f6
7.h4 fxe5
8.dxe5 Bf8b4
9.Nb1d2 Nb8c6
10.f4 h5
11.Ng1f3 Bb4e7
12.Nf3g5 Nd7f8
13.Bf1e2 g6
14.Be2f3 Nc6b4
15.a3 Nb4c6
16.Qd1e2 b6
17.O-O-O a5
18.Nd2e4 Bc8a6
19.c4 Qd8c8
20.Ne4f6 Be7xf6
21.exf6 Rh8h7
22.Ng5xh7 Nf8xh7
23.Bf3xd5 Nc6d8
24.Bd5xa8 Qc8xa8
25.Rd1xd8 Qa8xd8
26.Qe2xe6 Kf8
27.f7 Ba6c8
28.Qe6xg6 Qd8d6
29.Qg6g8 Ke7
30.Qg8e8 
1-0

[Event "Match"]
[Site "www.echecsemail.com"]
[Date "2016.04.12"]
[Round "1"]
[White "Bojan"]
[Black "Elogic"]
[WhiteElo "1860"]
[BlackElo "1880"]
[Result "0-1"]
[Round "1"]
1.c4 g6
2.d4 d5
3.b3 Bc8f5
4.e3 Bf5xb1
5.Ra1xb1 e6
6.Ng1f3 c5
7.cxd5 exd5
8.Qd1c2 a6
9.Bc1b2 cxd4
10.Bb2xd4 f6
11.Qc2c3 Nb8c6
12.Rb1d1 Bf8b4
13.Ke2 Bb4xc3
14.Bd4xc3 Ng8h6
15.g3 O-O
16.Bf1h3 g5
17.Bh3e6 Kh8
18.Nf3xg5 Kg7
19.Be6xd5 Qd8b6
20.Ng5e6 Kh8
21.Ne6xf8 Ra8xf8
22.a3 Nc6e5
23.Rd1d4 Qb6b5
24.Kd1 Nh6g4
25.Bc3e1 f5
26.h3 Ng4f6
27.Bd5e6 Ne5f3
28.Be6c4 Qb5e5
29.Be1c3 Nf6e4
30.Bc3b2 Ne4xf2
31.Ke2 Nf2xh1
32.Rd4d2 Nf3g1
33.Kf1 Qe5xb2
34.Rd2xb2 Ng1xh3
35.Bc4d5 Nh1xg3
36.Kg2 Rf8e8
37.Bd5xb7 Re8xe3
38.Kxh3 Ng3e4
39.Kg2 Ne4c5
40.Bb7d5 Nc5d3
41.Rb2b1 Nd3f4
42.Kf2 Nf4xd5
43.Rb1d1 Re3e5
44.Rd1d4 Nd5c7
45.a4 Re5e7
46.Rd4d6 a5
47.Kf3 Kg7
48.Kf4 Re7f7
49.Kf3 h5
50.Rd6d4 Nc7e6
51.Rd4d5 h4
52.Rd5xa5 Ne6d4
53.Kf4 Kh6
54.b4 Rf7g7
55.Ra5d5 Rg7g4
56.Ke3 h3
57.Rd5xd4 Rg4xd4
58.Kxd4 h2
59.Kc5 h1Q
60.Kb6 f4
61.a5 Qh1a8
62.b5 f3
{ resign }
0-1

[Event "Match"]
[Site "www.echecsemail.com"]
[Date "2016.04.12"]
[Round "1"]
[White "Guidom"]
[Black "Cardiff"]
[WhiteElo "2040"]
[BlackElo "1600"]
[Result "1-0"]
[Round "1"]
1.e4 d6
2.d4 Ng8f6
3.Nb1c3 g6
4.Bc1g5 c6
5.Ng1f3 Bf8g7
6.Bf1e2 O-O
7.O-O h6
8.Bg5h4 Qd8c7
9.h3 e5
10.Bh4xf6 Bg7xf6
11.d5 Nb8d7
12.a3 Bf6g7
13.Be2c4 Nd7b6
14.Bc4b3 a6
15.Qd1e2 cxd5
16.Nc3xd5 Nb6xd5
17.Bb3xd5 Ra8b8
18.c4 b5
19.cxb5 axb5
20.Rf1c1 Qc7b6
21.Rc1c6 Qb6a5
22.Rc6xd6 b4
23.Rd6xg6 Kh8
24.Rg6g3 bxa3
25.Ra1xa3 Qa5b6
26.b3 Bc8e6
27.Nf3h4 Be6xd5
28.exd5 Qb6d4
29.Rg3xg7 { resign }
1-0

[Event "Match"]
[Site "www.echecsemail.com"]
[Date "2016.04.12"]
[Round "1"]
[White "Umutkrc"]
[Black "Elogic"]
[WhiteElo "1870"]
[BlackElo "1900"]
[Result "1-0"]
[Round "1"]
1.c4 e5
2.e4 c6
3.d3 a5
4.a3 Bf8c5
5.Qd1f3 d6
6.Ng1h3 h5
7.Nh3g5 Bc8g4
8.Qf3xf7 
1-0

[Event "Match"]
[Site "www.echecsemail.com"]
[Date "2016.04.12"]
[Round "1"]
[White "Genius2"]
[Black "Numanoid"]
[WhiteElo "1740"]
[BlackElo "2470"]
[Result "1/2-1/2"]
[Round "1"]
1.c4 c5
2.Nb1c3 Nb8c6
3.Ng1f3 g6
4.d4 cxd4
5.Nf3xd4 Bf8g7
6.e3 Ng8f6
7.Bf1e2 O-O
8.O-O d5
9.cxd5 Nf6xd5
10.Nc3xd5 Qd8xd5
11.Be2f3 Qd5c5
12.Nd4b3 Qc5b6
13.Qd1e2 Bc8e6
14.e4 Nc6e5
15.Bc1e3 Ne5xf3
16.Qe2xf3 Qb6b4
17.Be3c5 Qb4a4
18.Bc5xe7 Rf8e8
19.Nb3c5 { draw }
1/2-1/2

[Event "Match"]
[Site "www.echecsemail.com"]
[Date "2016.04.12"]
[Round "1"]
[White "Silent1"]
[Black "Coventry"]
[WhiteElo "1790"]
[BlackElo "1860"]
[Result "1/2-1/2"]
[Round "1"]
1.d4 d5
2.c4 c6
3.Nb1c3 e6
4.e3 Ng8f6
5.Ng1f3 Bf8b4
6.Bc1d2 O-O
7.Bf1d3 Bb4xc3
8.Bd2xc3 Nb8d7
9.O-O Rf8e8
10.h3 dxc4
11.Bd3xc4 b5
12.Bc4d3 Bc8b7
13.a3 a6
14.Qd1c2 c5
15.Bd3e2 Ra8c8
16.Qc2d1 cxd4
17.Bc3xd4 Qd8e7
18.Bd4xf6 Nd7xf6
19.Ra1c1 Rc8xc1
20.Qd1xc1 Re8c8
21.Qc1a1 h6
22.Rf1c1 Rc8xc1
{ draw }
1/2-1/2

[Event "Match"]
[Site "www.echecsemail.com"]
[Date "2016.04.12"]
[Round "1"]
[White "Markos123"]
[Black "Menace"]
[WhiteElo "1780"]
[BlackElo "2250"]
[Result "1/2-1/2"]
[Round "1"]
1.e4 c6
2.b4 d5
3.g4 dxe4
4.Bf1c4 Qd8d4
5.Nb1a3 Qd4xa1
6.c3 b5
7.Bc4b3 Bc8e6
8.Bb3xe6 fxe6
9.Ng1h3 Qa1xa2
10.O-O Ng8f6
11.Qd1c2 Qa2xc2
12.Na3xc2 Nf6xg4
13.f3 exf3
14.Rf1xf3 Ng4e5
15.Rf3e3 Nb8d7
16.Nc2d4 a5
17.Kf2 Ne5g4
18.Ke2 Ng4xe3
19.dxe3 a4
20.Bc1a3 Ra8a6
21.Nd4xe6 Ra6a7
22.Nh3f4 g6
23.h4 Bf8h6
24.Nf4d3 Nd7f8
25.Ne6c5 Nf8d7
26.Nc5e6 Nd7f6
27.Nd3c5 Nf6d5
28.e4 Nd5xc3
29.Kd3 Nc3b1
30.Ba3b2 a3
31.Bb2xh8 a2
32.Bh8a1 Ra7a3
33.Kd4 Ra3h3
34.h5 gxh5
35.Nc5d3 Kd7
36.Ke5 Bh6g7
37.Ne6xg7 Rh3xd3
38.Ng7xh5 Rd3b3
39.Nh5f4 Nb1a3
40.Nf4e2 h5
41.Ne2c3 Na3c2
42.Nc3xa2 Nc2xa1
43.Kf4 h4
44.Na2c1 Rb3xb4
45.Nc1d3 Rb4d4
46.Nd3c5 Ke8
47.Kg4 Rd4xe4
48.Nc5xe4 b4
49.Kxh4 b3
50.Ne4d2 c5
51.Kg3 e5
52.Kf3 Ke7
53.Ke3 Kd6
54.Nd2c4 Kd5
55.Nc4b2 c4
56.Nb2d1 Na1c2
57.Kd2 Kd4
58.Kc1 e4
59.Kb2 e3
60.Nd1c3 Kd3
61.Nc3d5 Kd2
62.Nd5c3 e2
63.Nc3xe2 Kxe2
64.Kc3 Nc2a1
65.Kb2 Kd2
66.Kb1 c3
67.Kxa1 Kc2

1/2-1/2

[Event "Match"]
[Site "www.echecsemail.com"]
[Date "2016.04.12"]
[Round "1"]
[White "Norwich"]
[Black "Deniz2007"]
[WhiteElo "1690"]
[BlackElo "1799"]
[Result "1-0"]
[Round "1"]
1.d4 d5
2.Bc1f4 e5
3.Bf4xe5 Bf8d6
4.Ng1f3 Bd6xe5
5.Nf3xe5 f6
6.Ne5f3 Ng8h6
7.e3 O-O
8.Bf1e2 Nb8c6
9.O-O  { time }
1-0

[Event "Match"]
[Site "www.echecsemail.com"]
[Date "2016.04.12"]
[Round "1"]
[White "Osvalazo"]
[Black "Traub"]
[WhiteElo "1700"]
[BlackElo "1550"]
[Result "1-0"]
[Round "1"]
1.e4 e5
2.Bf1c4 Ng8f6
3.Nb1c3 Nf6xe4
4.Nc3xe4 d5
5.Bc4b5 c6
6.Qd1e2 Bf8d6
{ time. }
1-0

[Event "Match"]
[Site "www.echecsemail.com"]
[Date "2016.04.12"]
[Round "1"]
[White "Toblakay"]
[Black "Chessexpert"]
[WhiteElo "1499"]
[BlackElo "1400"]
[Result "1-0"]
[Round "1"]
1.d4 d5
2.c4 e6
3.Nb1c3 Bf8b4
4.e3 c6
5.Bf1d3 Ng8f6
6.Ng1f3 Nb8d7
7.O-O Bb4xc3
8.bxc3 O-O
9.cxd5 exd5
10.c4 dxc4
11.Bd3xc4 Nd7b6
12.Bc4b3 Bc8g4
13.h3 Bg4xf3
14.Qd1xf3 Nb6d5
15.e4 Nd5b6
16.Bc1b2 Rf8e8
17.e5 Nf6d5
18.a4 Qd8e7
19.a5 Nb6d7
20.Bb3xd5 cxd5
21.Qf3xd5 Nd7f8
22.Qd5e4 f6
23.Bb2a3 Qe7e6
24.Rf1b1 fxe5
25.Rb1xb7 exd4
26.Qe4xd4 Qe6g6
27.Ba3b2 Ra8d8
28.Rb7xg7 { resign }
1-0

[Event "Match"]
[Site "www.echecsemail.com"]
[Date "2016.04.12"]
[Round "1"]
[White "Mitja"]
[Black "Bojan"]
[WhiteElo "1900"]
[BlackElo "1950"]
[Result "0-1"]
[Round "1"]
1.d4 g6
2.e3 Bf8g7
3.Ng1f3 d5
4.h3 a6
5.c3 Nb8c6
6.Nb1d2 e5
7.dxe5 Nc6xe5
8.Nf3xe5 Bg7xe5
9.Nd2f3 Be5g7
10.Bf1e2 Ng8e7
11.Qd1d2 Bc8e6
12.b3 Qd8d6
13.Bc1b2 c5
14.Ra1d1 b5
15.O-O Ra8d8
16.Nf3g5 Be6c8
17.Bb2a1 h6
18.Ng5f3 g5
19.c4 Bg7xa1
20.Rd1xa1 Qd6c6
21.cxd5 Rd8xd5
22.Qd2c3 f6
23.Rf1d1 Kf7
24.Rd1xd5 Qc6xd5
25.Ra1d1 Qd5c6
26.g4 h5
27.Nf3h2 hxg4
28.Be2xg4 Bc8f5
29.Qc3d2 Bf5e4
30.Qd2e2 Ne7d5
31.Bg4h5 Kg7
32.Rd1c1 Nd5b4
33.Bh5g4 Nb4d3
34.Rc1d1 Nd3e5
35.f3 Ne5xg4
36.fxg4 Rh8xh3
37.Rd1d2 Qc6c7
38.Qe2f2 Qc7e5
39.Kf1 c4
40.bxc4 bxc4
41.Ke1 Be4d3
42.Nh2f3 Rh3h1
43.Nf3g1 Qe5e4
44.Rd2b2 c3
{ resign }
0-1

[Event "1/4 Finale"]
[Site "www.chess-mail.com"]
[Date "2016.04.12"]
[Round "1"]
[White "Manolinex"]
[Black "Hwj"]
[WhiteElo "2890"]
[BlackElo "2840"]
[Result "1-0"]
[Round "1"]
1.e4 c5
2.Ng1f3 d6
3.d4 cxd4
4.Nf3xd4 Ng8f6
5.Nb1c3 a6
6.g3 e5
7.Nd4e2 Bf8e7
8.Bf1g2 Bc8e6
9.O-O O-O
10.a4 Nb8d7
11.h3 a5
12.Bc1e3 Nd7c5
13.b3 h6
14.Qd1d2 Ra8c8
15.g4 h5
16.gxh5 Nf6xh5
17.Ra1d1 Nh5f6
18.f4 Qd8c7
19.Qd2e1 Nc5a6
20.Qe1f2 Na6b4
21.f5 Be6d7
22.Kh1 Nb4xc2
23.Be3b6 Qc7b8
24.Rf1g1 g6
25.Rd1d2 Nc2b4
26.Bb6xa5 d5
27.exd5 Be7c5
28.Qf2g3 Nf6h5
29.Qg3g5 Bd7xf5
30.Bg2e4 Bc5xg1
31.Ba5xb4 Bg1c5
32.Bb4xc5 Rc8xc5
33.Be4xf5 Qb8d8
34.Qg5g1 b6
35.Nc3e4 Rc5xd5
36.Bf5xg6 Nh5g7
37.Rd2xd5 Qd8xd5
38.Bg6f5 Kh8
39.Qg1g4 Ng7xf5
40.Qg4xf5 f6
41.Qf5h5 Kg8
42.Qh5g6 Kh8
43.Kh2 Qd5d3
44.Qg6g4 Qd3e3
45.Qg4h5 Kg7
46.Ne2g3 Qe3f4
47.h4 Rf8h8
48.Kh3 Qf4f1
49.Ng3xf1 Rh8xh5
50.Nf1g3 Rh5h8
51.Ne4d6 f5
52.Nd6xf5 Kf6
53.Kg4 Ke6
54.Ng3e4 Kd5
55.Nf5d6 { resign }
1-0

[Event "1/16 Finale"]
[Site "www.chess-mail.com"]
[Date "2016.04.12"]
[Round "1"]
[White "Amaya"]
[Black "Pgcbies"]
[WhiteElo "2040"]
[BlackElo "2670"]
[Result "0-1"]
[Round "1"]
1.d4 Ng8f6
2.e3 d5
3.Bf1d3 e6
4.Nb1d2 c5
5.c3 Nb8c6
6.a3 e5
7.f3 cxd4
8.cxd4 exd4
9.exd4 Nc6xd4
10.Ng1e2 Nd4c6
11.O-O Bf8d6
12.Ne2c3 O-O
13.Rf1e1 Bc8e6
14.Nd2b3 d4
15.Nc3e4 Nf6xe4
16.Bd3xe4 Be6xb3
17.Qd1xb3 Bd6xh2
18.Kf1 Bh2g3
19.Re1d1 Qd8h4
20.Be4xc6 bxc6
21.Ke2 Ra8b8
22.Qb3c4 d3
23.Qc4xd3 Rf8e8
24.Bc1e3 Bg3f4
25.Qd3c4 Re8xe3
{ resign }
0-1

[Event "Fast Game"]
[Site "www.echecsemail.com"]
[Date "2016.04.12"]
[Round "1"]
[White "Elogic"]
[Black "Mrynmryn"]
[WhiteElo "1720"]
[BlackElo "1599"]
[Result "0-1"]
[Round "1"]
1.e4 e5
2.Ng1f3 Ng8f6
3.d4 exd4
4.Nf3xd4 Nf6xe4
5.Qd1e2 Qd8e7
6.Nd4f5 Qe7e5
7.g4 Nb8c6
8.f4 Qe5e6
9.Bf1g2 Ne4c5
10.Qe2xe6 Nc5xe6
11.Bg2xc6 dxc6
12.O-O Bf8c5
13.Nf5e3 Ne6d4
14.Nb1a3 Nd4e2
15.Kf2 Ne2xf4
16.Bc1d2 Nf4d5
17.Ra1e1 Nd5xe3
18.Bd2xe3 Bc5xe3
19.Re1xe3 Bc8e6
20.b3 O-O-O
21.Kg3 Rd8d2
22.Rf1e1 Rh8d8
23.h3 Rd8d5
24.c4 Rd5d3
25.Re3xd3 Rd2xd3
26.Kh4 Rd3d2
27.Re1a1 f6
{ resign }
0-1

[Event "Tourn. n8678"]
[Site "www.chess-mail.com"]
[Date "2016.04.13"]
[Round "1"]
[White "Attatroll"]
[Black "Genius7"]
[WhiteElo "1940"]
[BlackElo "1810"]
[Result "1/2-1/2"]
[Round "1"]
1.d4 d5
2.c4 c6
3.Ng1f3 Ng8f6
4.e3 e6
5.cxd5 exd5
6.Bf1d3 Bf8d6
7.O-O O-O
8.Qd1c2 Rf8e8
9.Nb1c3 Nb8d7
10.b3 Nd7f8
11.a4 Nf8g6
12.h3 Bc8e6
13.Nf3g5 Qd8d7
14.Ng5xe6 Qd7xe6
15.Nc3e2 Nf6e4
16.Bd3xe4 Qe6xe4
17.Qc2xe4 Re8xe4
18.Ne2g3 Bd6xg3
19.fxg3 f6
20.Bc1d2 Ra8e8
{ draw }
1/2-1/2

[Event "Tourn. n8652"]
[Site "www.chess-mail.com"]
[Date "2016.04.13"]
[Round "1"]
[White "Redabond"]
[Black "Gatrooper"]
[WhiteElo "1570"]
[BlackElo "1670"]
[Result "1-0"]
[Round "1"]
1.d4 d5
2.Bc1f4 e6
3.Nb1c3 Bf8d6
4.Bf4xd6 Qd8xd6
5.Ng1f3 Qd6b6
6.Ra1b1 a6
7.e3 Qb6d6
8.Bf1d3 Ng8f6
9.O-O h6
10.e4 dxe4
11.Nc3xe4 Nf6xe4
12.Bd3xe4 Nb8c6
13.Be4xc6 Qd6xc6
14.Nf3e5 Qc6d5
15.Qd1h5 g6
16.Qh5f3 f5
17.Qf3xd5 exd5
18.Ne5xg6 Rh8g8
19.Ng6e5 f4
20.Rf1e1 Bc8e6
21.Ne5d3 Rg8g6
22.Nd3xf4 Rg6f6
23.Nf4xe6 Kd7
24.Ne6c5 Kc6
25.Nc5b3 b6
26.Re1e5 Ra8f8
27.f3 Kd6
28.Kf2 c6
29.Rb1e1 a5
30.Re5e3 h5
31.Re3e5 h4
32.Re5h5 a4
33.Nb3d2 c5
34.Re1e5 Kc6
35.Re5xd5 Rf6d6
36.Rd5xd6 Kxd6
37.Rh5xh4 cxd4
38.Rh4xd4 Kc5
39.Rd4xa4 b5
40.Nd2b3 Kb6
41.Ra4e4 Rf8f6
42.Nb3d4 b4
43.Re4e6 Rf6xe6
44.Nd4xe6 Kc6
45.h4 Kd6
46.Ne6d4 Kd5
47.Ke3 Ke5
48.Nd4c6 Kd5
49.Nc6xb4 Kc4
50.a3 { resign }
1-0

[Event "Tourn. n8521"]
[Site "www.chess-mail.com"]
[Date "2016.04.13"]
[Round "1"]
[White "Alvarin111"]
[Black "Estonia"]
[WhiteElo "1980"]
[BlackElo "1950"]
[Result "0-1"]
[Round "1"]
1.e4 c5
2.Bf1c4 d6
3.Ng1f3 Ng8f6
4.Nb1c3 e6
5.O-O Nb8c6
6.d4 cxd4
7.Nf3xd4 Bf8e7
8.f4 O-O
9.Nd4xc6 bxc6
10.e5 Nf6d5
11.Nc3e4 a5
12.a3 dxe5
13.fxe5 Qd8b6
14.Kh1 Nd5e3
15.Bc1xe3 Qb6xe3
16.Qd1d3 Qe3xd3
17.Bc4xd3 Bc8b7
18.Ra1d1 c5
19.Ne4d6 Be7xd6
20.exd6 Rf8d8
21.c4 g6
22.Bd3e2 Bb7e4
23.Be2f3 Be4xf3
24.Rf1xf3 Ra8a6
25.d7 Ra6b6
26.Rd1d2 Rb6b7
27.Rf3d3 Kf8
28.Rd3h3 h5
29.g4 Rb7xd7
30.Rd2f2 hxg4
31.Rh3h8 Kg7
32.Rh8xd8 Rd7xd8
33.Rf2c2 Rd8d3
34.Kg2 f5
35.a4 Kf6
36.Rc2c3 Rd3d2
37.Kg3 Rd2xb2
38.h3 gxh3
39.Kxh3 Rb2a2
40.Rc3b3 Ra2xa4
41.Rb3b5 Ra4xc4
42.Rb5xa5 g5
43.Ra5a3 Ke5
44.Ra3e3 Kf6
45.Re3a3 Rc4h4
46.Kg3 f4
47.Kg2 Rh4h8
48.Ra3c3 Rh8c8
49.Kf3 Kf5
50.Rc3c4 g4
51.Kf2 e5
52.Kg2 e4
53.Kf2 Ke5
54.Ke2 Kd5
55.Rc4c1 c4
56.Rc1h1 Kd4
57.Rh1h4 Rc8g8
58.Kf2 e3
59.Ke2 f3
60.Ke1 Kd3
61.Rh4h1 Rg8a8
{ resign }
0-1

[Event "Tourn. n8699"]
[Site "www.chess-mail.com"]
[Date "2016.04.13"]
[Round "1"]
[White "Daquata"]
[Black "Chessexpert"]
[WhiteElo "1650"]
[BlackElo "1440"]
[Result "0-1"]
[Round "1"]
1.e4 e5
2.Ng1f3 Nb8c6
3.Bf1c4 Bf8c5
4.O-O Ng8f6
5.Nb1c3 d6
6.d3 a6
7.Bc1g5 Bc8e6
8.Nc3d5 Be6xd5
9.Bc4xd5 Qd8d7
10.c3 O-O-O
11.b4 Bc5b6
12.a4 h6
13.Bg5e3 Nf6xd5
14.exd5 Nc6e7
15.Be3xb6 cxb6
16.c4 Ne7g6
17.Qd1c2 Ng6f4
18.c5 bxc5
19.bxc5 Kb8
20.c6 Qd7c7
21.Ra1b1 b6
22.Rb1b2 Ka7
23.Rf1b1 Rd8b8
24.Qc2c4 Rh8c8
25.Qc4e4 g6
26.d4 f5
27.Qe4e3 Nf4xd5
28.Qe3d2 e4
{ resign }
0-1

[Event "Match"]
[Site "www.echecsemail.com"]
[Date "2016.04.13"]
[Round "1"]
[White "Calponas"]
[Black "Genius7"]
[WhiteElo "2090"]
[BlackElo "1810"]
[Result "1-0"]
[Round "1"]
1.e4 e6
2.d4 d5
3.Nb1d2 Bf8e7
4.e5 c5
5.c3 Nb8c6
6.Nd2f3 cxd4
7.cxd4 Be7b4
8.Bc1d2 Qd8a5
9.Bf1d3 Bb4xd2
10.Qd1xd2 Qa5xd2
11.Kxd2 Ng8e7
12.Ng1e2 Bc8d7
13.Rh1c1 O-O
14.Ne2c3 a6
15.Nc3a4 Nc6xd4
16.Na4b6 Nd4xf3
17.gxf3 { resign }
1-0

[Event "Match"]
[Site "www.echecsemail.com"]
[Date "2016.04.13"]
[Round "1"]
[White "Gilliere"]
[Black "Elogic"]
[WhiteElo "2010"]
[BlackElo "1880"]
[Result "1-0"]
[Round "1"]
1.d4 c5
2.dxc5 Qd8a5
3.Nb1c3 Qa5xc5
4.e3 g6
5.Ng1f3 Bf8g7
6.Bc1d2 d5
7.Bf1e2 e5
8.O-O e4
9.Nf3e1 a6
10.a3 b5
11.Ra1b1 Ng8f6
12.b4 Qc5c7
13.f3 exf3
14.Be2xf3 Bc8e6
15.Ne1d3 O-O
16.Nd3c5 h5
17.Nc5xe6 fxe6
18.e4 Qc7b6
19.Kh1 dxe4
20.Nc3xe4 Nb8c6
21.Ne4xf6 Rf8xf6
22.Bd2c3 Rf6xf3
23.Rf1xf3 Bg7h6
24.Bc3f6 e5
25.Qd1d5 { resign }
1-0